| 000 | 005100000a22001810004500 | ||
|---|---|---|---|
| 020 | _a0-8307-1024-8 | ||
| 041 | 0 | _aENG | |
| 082 | 0 | 4 | _aG 259 T574u |
| 100 | 1 | _aTillapaugh, Frank R. | |
| 245 | 1 | 0 | _aUnleashing the church : Getting people out of the fortress and into ministry / Frank R. Tillapaugh |
| 260 | _aVentura, CA., USA : Regal | ||
| 300 | _a224 Pag | ||
| 001 | 6637 | ||
| 942 | _cBK | ||
| 999 |
_c36905 _d36905 |
||
| 336 |
_atexto _btxt _2rdacontent |
||
| 337 |
_2rdamedia _asin mediación _bn |
||
| 338 |
_2rdacarrier _avolumen _bnc |
||